Normal view MARC view

Entry Nombre personal

Number of records used in: 1

001 - NÚMERO DE CONTROL

  • campo de control: 1099

003 - IDENTIFICADOR DE NÚMERO DE CONTROL

  • campo de control: DLC

005 - FECHA Y HORA DE LA ÚLTIMA TRANSACCIÓN

  • campo de control: 20260423140940.0

008 - ELEMENTOS DE DATO DE LONGITUD-FIJA

  • campo de control de longitud fija: 951005n| acannaabn |a aaa

010 ## - NÚMERO DE CONTROL DE LA BIBLIOTECA DEL CONGRESO

  • Número de control de LC: n 95098927

035 ## - NÚMERO DE CONTROL DEL SISTEMA

  • Número de control de sistema: (OCoLC)oca03933485

040 ## - FUENTE DE CATALOGACIÓN

  • Centro catalogador/agencia de origen: DLC
  • Lengua de catalogación: eng
  • Centro/agencia transcriptor: DLC
  • Centro/agencia modificador: OCoLC
  • Centro/agencia modificador: DLC

100 1# - ENCABEZAMIENTO-NOMBRE DE PERSONA

  • Nombre de persona: Rainer Cinti, Roberto

400 1# - TRAZADO DE VÉASE--NOMBRE DE PERSONA

  • Nombre de persona: Cinti, Roberto Rainer

670 ## - FUENTE DE DATOS ENCONTRADOS

  • Cita de la fuente: Parques nacionales de Salta, c1987:
  • Información encontrada: t.p. (Roberto Rainer Cinti)

670 ## - FUENTE DE DATOS ENCONTRADOS

  • Cita de la fuente: Ruiz Moreno de Bunge, Silvina. Tigre y las islas del Delta, c2004: p. 4 (Roberto Cinti)